<?xml version="1.0" encoding="UTF-8"?>
<collection xmlns:xsi="http://www.w3.org/2001/XMLSchema-instance" xsi:schemaLocation="http://www.loc.gov/MARC21/slim http://www.loc.gov/standards/marcxml/schema/MARC21slim.xsd" xmlns="http://www.loc.gov/MARC21/slim">
 <record>
  <leader>00000nam a22000004a 4500</leader>
  <controlfield tag="001">UP-8027258850631492876</controlfield>
  <controlfield tag="003">Buklod</controlfield>
  <controlfield tag="005">20240716142016.0</controlfield>
  <controlfield tag="006">m    |o  d |      </controlfield>
  <controlfield tag="007">ta</controlfield>
  <controlfield tag="008">240716s2007    si a    r     001 0 eng d</controlfield>
  <datafield tag="020" ind1=" " ind2=" ">
   <subfield code="a">9789810698164</subfield>
  </datafield>
  <datafield tag="037" ind1=" " ind2=" ">
   <subfield code="a">CHK-1044g</subfield>
  </datafield>
  <datafield tag="040" ind1="0" ind2=" ">
   <subfield code="a">DCHK</subfield>
   <subfield code="d">DCHK</subfield>
   <subfield code="e">rda</subfield>
  </datafield>
  <datafield tag="041" ind1=" " ind2=" ">
   <subfield code="a">eng</subfield>
  </datafield>
  <datafield tag="090" ind1=" " ind2=" ">
   <subfield code="a">QP 34.5</subfield>
   <subfield code="b">C65 2007</subfield>
  </datafield>
  <datafield tag="100" ind1="1" ind2=" ">
   <subfield code="a">Colbert, Bruce J.</subfield>
   <subfield code="e">author</subfield>
   <subfield code="u">University of Pittsburgh at Johnstown</subfield>
  </datafield>
  <datafield tag="245" ind1="0" ind2="0">
   <subfield code="a">Principles of anatomy and physiology</subfield>
   <subfield code="b">an interactive journey</subfield>
   <subfield code="c">Bruce J. Colbert, Jeff Ankney, Karen T. Lee.</subfield>
  </datafield>
  <datafield tag="250" ind1=" " ind2=" ">
   <subfield code="a">Philippine edition.</subfield>
  </datafield>
  <datafield tag="264" ind1=" " ind2="0">
   <subfield code="a">Singapore</subfield>
   <subfield code="b">Pearson Education South Asia</subfield>
   <subfield code="c">2007</subfield>
  </datafield>
  <datafield tag="300" ind1=" " ind2=" ">
   <subfield code="a">xxxii, 560 pages</subfield>
   <subfield code="b">illustrations</subfield>
   <subfield code="c">26 cm</subfield>
  </datafield>
  <datafield tag="336" ind1=" " ind2=" ">
   <subfield code="a">text</subfield>
   <subfield code="2">rdacontent</subfield>
  </datafield>
  <datafield tag="337" ind1=" " ind2=" ">
   <subfield code="a">unmediated</subfield>
   <subfield code="2">rdamedia</subfield>
  </datafield>
  <datafield tag="338" ind1=" " ind2=" ">
   <subfield code="a">volume</subfield>
   <subfield code="2">rdacarrier</subfield>
  </datafield>
  <datafield tag="500" ind1=" " ind2=" ">
   <subfield code="a">Low price edition</subfield>
  </datafield>
  <datafield tag="504" ind1=" " ind2=" ">
   <subfield code="a">Includes index</subfield>
  </datafield>
  <datafield tag="505" ind1="0" ind2="0">
   <subfield code="a">Chapter 1. Anatomy &amp; physiology: learning the language -- Chapter 2. The human body: reading the map -- Chapter 3. The cells: the raw materials and building blocks -- Chapter 4. Tissues and systems: the inside story -- Chapter 5. The skeletal system: the framework -- Chapter 6. The muscular system: movement for the journey -- Chapter 7. The integumentary system: the protective covering -- Chapter 8. The nervous system: the body's control center, part one -- Chapter 9. The nervous system: the body's control center, part two -- Chapter 10. The endocrine system: the body's other control system -- Chapter 11. The special senses: the sights and sounds -- Chapter 12. The cardiovascular system: transports and supply -- Chapter 13. The respiratory system: it's a gas -- Chapter 14. The lymphatic and immune system: your defense systems -- Chapter 15. The gastrointestinal system: fuel for the trip -- Chapter 16. The urinary system: filtration and fluid balance -- Chapter 17. The reproductive system: replacement and repair -- Chapter 18. The journey's end: now what? -- The study success companion: the key to your successful journey</subfield>
  </datafield>
  <datafield tag="650" ind1=" " ind2="0">
   <subfield code="a">Human physiology.</subfield>
  </datafield>
  <datafield tag="905" ind1=" " ind2=" ">
   <subfield code="a">FO</subfield>
  </datafield>
  <datafield tag="852" ind1="0" ind2=" ">
   <subfield code="a">UPD</subfield>
   <subfield code="b">DCHK</subfield>
   <subfield code="h">QP 34.5</subfield>
   <subfield code="i">C65 2007</subfield>
  </datafield>
  <datafield tag="942" ind1=" " ind2=" ">
   <subfield code="a">Book</subfield>
  </datafield>
 </record>
</collection>
